Zariadenie pre mechanizované čistenie rúrok tepelných výmenníkov HSCHZ primárneho okruhu JE : Diplomová práca

Salvato in:
Dettagli Bibliografici
Autore principale: Paulíček, Ladislav (Autore)
Altri autori: Mihálik, Milan (xxx)
Natura: Manoscritto Libro
Lingua:slovacco
Pubblicazione: Trnava : STU v Bratislave MtF KTZS, 2002
Soggetti:
Tags: Aggiungi Tag
Nessun Tag, puoi essere il primo ad aggiungerne!!

MARC

LEADER 00000ntm a22000003a 4500
001 stu76834
005 20160719155031.2
008 020725s2002----xo------------------slo-d
040 |a STU  |b slo 
041 0 |a slo 
044 |a xo 
100 1 |a Paulíček, Ladislav  |4 aut 
245 1 |a Zariadenie pre mechanizované čistenie rúrok tepelných výmenníkov HSCHZ primárneho okruhu JE :  |b Diplomová práca 
260 |a Trnava :  |b STU v Bratislave MtF KTZS,  |c 2002 
300 |a 63 s  |c abstr. + príl. 
650 7 |a čistiace zariadenia  |2 stusub 
650 7 |a tepelné výmenníky  |2 stusub 
650 7 |a technologické zariadenia  |2 stusub 
700 1 |a Mihálik, Milan  |4 xxx